000 00200 a2200097 4500
001 9513
100 _aBaer, C J
245 _aElectrical and electronic
260 _a
_bOdhams
_c
090 _c7564
_d7564
942 _aNUST-CAE
_cM
_c34227
999 _c244586
_d244586